[Event "Reykjavik op"]
[Site "Reykjavik"]
[Date "2023.04.04"]
[Round "9"]
[White "De Kleijn, Erwin"]
[Black "Kularatnam, Kaushalya"]
[Result "1-0"]
[WhiteElo "1798"]
[BlackElo "1563"]
[PlyCount "53"]
[EventDate "2023.03.29"]
[EventType "swiss"]
[EventRounds "9"]
[EventCountry "ISL"]
[SourceTitle "EXT 2024"]
[Source "ChessBase"]
[SourceDate "2023.10.10"]
[SourceVersion "1"]
[SourceVersionDate "2023.10.10"]
[SourceQuality "1"]

1. e4 c5 2. d4 cxd4 3. c3 dxc3 4. Nxc3 Nc6 5. Nf3 d6 6. Bc4 a6 7. 0-0 b5 8. Bd5 Qd7 9. e5 e6 10. Bxc6 Qxc6 11. Bg5 d5 12. Rc1 Qd7 13. Qe2 Be7 14. Rfd1 Qb7 15. Rd4 Bxg5 16. Nxg5 Nh6 17. Rh4 Qe7 18. Qd2 f6 19. exf6 Qxf6 20. Nxd5 exd5 21. Qxd5 Bb7 22. Re4+ Kf8 23. Qxb7 Re8 24. Rxe8+ Kxe8 25. Rc8+ Qd8 26. Rxd8+ Kxd8 27. Qb8+ 1-0

[Event "Reykjavik op"]
[Site "Reykjavik"]
[Date "2023.03.31"]
[Round "4"]
[White "De Kleijn, Erwin"]
[Black "Jaksland, Tim"]
[Result "0-1"]
[WhiteElo "1798"]
[BlackElo "2117"]
[PlyCount "82"]
[EventDate "2023.03.29"]
[EventType "swiss"]
[EventRounds "9"]
[EventCountry "ISL"]
[SourceTitle "CBM 213 Extra"]
[Source "ChessBase"]
[SourceDate "2023.05.31"]
[SourceVersion "1"]
[SourceVersionDate "2023.05.31"]
[SourceQuality "1"]

1. e4 e5 2. d4 exd4 3. Nf3 Nc6 4. Bc4 Bc5 5. 0-0 d6 6. c3 Bg4 7. Qb3 Bxf3 8. Bxf7+ Kf8 9. Bxg8 Rxg8 10. gxf3 g5 11. Qe6 Qe7 12. Qxe7+ Kxe7 13. cxd4 Nxd4 14. Nc3 Nxf3+ 15. Kg2 Raf8 16. Be3 Bxe3 17. Nd5+ Kd8 18. Nxe3 Nd2 19. Rfd1 Nxe4 20. f3 Nc5 21. Rac1 Ne6 22. Rc4 Rf4 23. Rc3 Rd4 24. Rdc1 Rd2+ 25. Kh1 Rf8 26. Re1 Nd4 27. Nf1 Rxb2 28. Rd1 Nxf3 29. Rdc1 c5 30. Rd1 Kc7 31. Ra3 a6 32. Rad3 Rf6 33. a3 g4 34. Nd2 Nxd2 35. R3xd2 Rxd2 36. Rxd2 Kc6 37. Re2 c4 38. Kg2 d5 39. Re7 c3 40. Rxh7 c2 41. Rh8 Kc5 0-1

[Event "Reykjavik op"]
[Site "Reykjavik"]
[Date "2023.03.30"]
[Round "2"]
[White "De Kleijn, Erwin"]
[Black "Skou, Niels"]
[Result "0-1"]
[WhiteElo "1798"]
[BlackElo "2114"]
[PlyCount "114"]
[EventDate "2023.03.29"]
[EventType "swiss"]
[EventRounds "9"]
[EventCountry "ISL"]
[SourceTitle "CBM 213 Extra"]
[Source "ChessBase"]
[SourceDate "2023.05.31"]
[SourceVersion "1"]
[SourceVersionDate "2023.05.31"]
[SourceQuality "1"]

1. e4 e5 2. d4 exd4 3. Nf3 Nc6 4. Bc4 Bb4+ 5. c3 dxc3 6. bxc3 Ba5 7. Ng5 Nh6 8. Qd5 0-0 9. 0-0 d6 10. Nf3 Be6 11. Qb5 a6 12. Qb3 Bxc4 13. Qxc4 Qf6 14. Bg5 Qg6 15. Bf4 Rfe8 16. Nbd2 Ng4 17. h3 Nge5 18. Nxe5 Nxe5 19. Qb3 b5 20. Be3 c6 21. f3 Rab8 22. Qa3 Bb6 23. Bxb6 Rxb6 24. Rad1 c5 25. Nb3 Nc4 26. Qc1 Qf6 27. Rd3 h6 28. Rfd1 Rd8 29. Nxc5 Rc6 30. Nb3 Kh7 31. f4 Re8 32. Nd4 Rb6 33. Re1 g6 34. Nf3 Rb7 35. Rd5 Rbe7 36. Rd4 Re6 37. Re2 Qe7 38. Qc2 f5 39. e5 dxe5 40. fxe5 Nxe5 41. Nxe5 Rxe5 42. Rxe5 Qxe5 43. Qb3 Qc7 44. Qd5 Re7 45. c4 Qg3 46. Rd1 bxc4 47. Qxc4 Qe3+ 48. Kh2 Qe5+ 49. Kg1 a5 50. Rd8 h5 51. Qc8 Kh6 52. Qc4 Qe1+ 53. Qf1 Qe3+ 54. Qf2 Qc1+ 55. Kh2 Qc7+ 56. Qg3 Qxd8 57. Qf4+ Kh7 0-1